00000000nam 2200000zi 4500
0019.947432
003CaOODSP
00520250128094539
006m     o  d f      
007cr mn|||||||||
008250128t19911992onc     ob   f000 0 fre d
020 |z0662977289
040 |aCaOODSP|bfre|erda|cCaOODSP
0861 |aZ1-1989/1-41-8F-PDF|zZ1-1989/1-41-8F
1001 |aOum, Tae Hoon, |eauteur.
24510|aÉtude comparative internationale sur l'efficacité économique des réseaux ferroviaires de transport des voyageurs : |brapport final présenté à la Commission royale sur le transport des voyageurs au Canada / |cpar Tae Hoon Oum et Chunyan Yu.
264 1|a[Ottawa] : |b[Commission royale sur le transport des voyageurs au Canada], |cdécembre 1991.
264 4|c©1992
300 |a1 ressource en ligne (v, 87 pages)
336 |atexte|btxt|2rdacontent/fre
337 |ainformatique|bc|2rdamedia/fre
338 |aressource en ligne|bcr|2rdacarrier/fre
500 |aPublié aussi en anglais sous le titre : An international comparison of the economic efficiency of passenger railway systems : final report.
500 |a« Rapport rédigé pour la Division de la recherche, Commission royale sur le transport des voyageurs au Canada. »
500 |a« RR-08. »
500 |aÉdition numérisée de l'imprimée [par Direction des publications du gouvernement du Canada].
504 |aComprend des références bibliographiques.
650 6|aTransport de voyageurs|xAspect économique.
650 6|aTransports ferroviaires|xTrafic voyageurs|xAspect économique.
7101 |aCanada. |bCommission royale sur le transport des voyageurs au Canada. |bDivision de la recherche, |eorganisme de publication.
77508|tAn international comparison of the economic efficiency of passenger railway systems : |w(CaOODSP)9.947431
85640|qPDF|s5.80 Mo|uhttps://publications.gc.ca/collections/collection_2025/bcp-pco/Z1-1989-1-41-8-fra.pdf